No quiere morir : (novela heroica) / Antonio Cases ; con un juicio crítico del General Primo de Rivera sobre el autor, a modo de prólogo (novela heroica) / Antonio Cases ; con un juicio crítico del General Primo de Rivera sobre el autor, a modo de prólogo
Descripción Física:
211 p. ; 19 cm
Otros Autores:
Primo de Rivera, Miguel, 1870-1930
MARC
| LEADER | 00000nam a2200000Ia 4500 | ||
|---|---|---|---|
| 001 | 2289 | ||
| 008 | 160829s1924 xx 000 0 cat d | ||
| 080 | |a L-1-120 | ||
| 100 | |a Cases, Antonio |9 24304 | ||
| 245 | |a No quiere morir : |b (novela heroica) / Antonio Cases ; con un juicio crítico del General Primo de Rivera sobre el autor, a modo de prólogo | ||
| 260 | |a Madrid : |b (Imprenta de Félix Moliner), |c 1924 | ||
| 300 | |a 211 p. ; |c 19 cm | ||
| 700 | 1 | |a Primo de Rivera, Miguel, |d 1870-1930 |9 24305 | |
| 901 | |a Arxiu | ||
| 942 | |n 1 | ||
| 952 | |0 0 |1 0 |4 0 |6 L1120 |7 1 |9 43071 |a Arxiu |b Arxiu |d 2016-12-01 |l 0 |o L-1-120 |p 2289 |r 2016-12-01 00:00:00 |w 2016-12-01 |y ARXIU | ||
| 999 | |c 45615 |d 45615 | ||